00647nam a2200157Ia 4500008004100000100004800041245006600089245009100155260005300246260001400299300000800313650001500321856006100336999001900397952007300416170221s9999 xx 000 0 und d aAbdulmumini Baba Alfa, Mohd Zaini Abd Karim aStudent Enthusiasm as a Key Determinant of their Performance  cAbdulmumini Baba Alfa, Mohd Zaini Abd KarimAbdulmumini Baba Alfa, Mohd Zaini Abd Karim bInternational Review of Management and Marketing cJune 2012 a4:1 xMarketing. uhttp://www.econjournals.com/index.php/irmm/issue/view/72 c310392d310392 001040aCLbCLd2017-02-21l0r2017-02-21 00:00:00w2017-02-21yFOJ